[Event "SRB-chT 1st"]
[Site "Zlatibor"]
[Date "2007.08.31"]
[Round "10"]
[White "Perunovic, Milos"]
[Black "Matulovic, Milan"]
[Result "1-0"]
[WhiteElo "2589"]
[BlackElo "2389"]
[PlyCount "55"]
[EventDate "2007.08.21"]
[EventType "team-tourn"]
[EventRounds "11"]
[EventCountry "YUG"]
[SourceTitle "CBM 120 Extra"]
[Source "ChessBase"]
[SourceDate "2007.11.01"]
[SourceVersion "1"]
[SourceVersionDate "2007.11.01"]
[SourceQuality "1"]

1. e4 e5 2. Nf3 Nf6 3. Nxe5 d6 4. Nf3 Nxe4 5. Nc3 Nxc3 6. dxc3 Be7 7. Bf4 Nd7 8. Qd2 0-0 9. 0-0-0 Nc5 10. Be3 b6 11. Nd4 Bd7 12. f3 Re8 13. h4 Bf8 14. g4 c6 15. h5 Qe7 16. Bf4 f6 17. Kb1 Qf7 18. Rg1 Ne6 19. Bd3 Rad8 20. Nxe6 Bxe6 21. b3 c5 22. g5 fxg5 23. Rxg5 c4 24. Bg6 hxg6 25. hxg6 Qf6 26. Rh1 Be7 27. Rh7 cxb3 28. axb3 1-0

[Event "Belgrade Trophy 18th"]
[Site "Obrenovac"]
[Date "2005.??.??"]
[Round "4"]
[White "Matulovic, Milan"]
[Black "Savic, Dragan"]
[Result "1/2-1/2"]
[WhiteElo "2397"]
[BlackElo "2193"]
[PlyCount "24"]
[EventDate "2005.11.22"]
[EventType "swiss"]
[EventRounds "9"]
[EventCountry "YUG"]
[SourceTitle "CBM 109 Extra"]
[Source "ChessBase"]
[SourceDate "2006.01.03"]
[SourceVersion "2"]
[SourceVersionDate "2006.01.03"]
[SourceQuality "1"]

1. e4 e6 2. d4 d5 3. Nd2 Nf6 4. e5 Nfd7 5. c3 c5 6. Bd3 Nc6 7. Ne2 Qb6 8. Nf3 f6 9. exf6 Nxf6 10. 0-0 Bd6 11. Ng3 0-0 12. Re1 Kh8 1/2-1/2

[Event "Belgrade Trophy 18th"]
[Site "Obrenovac"]
[Date "2005.??.??"]
[Round "6"]
[White "Matulovic, Milan"]
[Black "Zivkovic, Sava"]
[Result "1/2-1/2"]
[WhiteElo "2397"]
[BlackElo "2296"]
[PlyCount "54"]
[EventDate "2005.11.22"]
[EventType "swiss"]
[EventRounds "9"]
[EventCountry "YUG"]
[SourceTitle "CBM 109 Extra"]
[Source "ChessBase"]
[SourceDate "2006.01.03"]
[SourceVersion "2"]
[SourceVersionDate "2006.01.03"]
[SourceQuality "1"]

1. e4 c5 2. Nf3 Nc6 3. d4 cxd4 4. Nxd4 g6 5. c4 Bg7 6. Be3 Nf6 7. Nc3 0-0 8. Be2 d6 9. Qd2 Bd7 10. f3 Nxd4 11. Bxd4 Bc6 12. Rb1 a5 13. b3 Nd7 14. Be3 Nc5 15. 0-0 Qb6 16. Rfc1 Rfc8 17. Rc2 Qd8 18. Bf1 h5 19. Rd1 Qf8 20. Nd5 Bxd5 21. cxd5 Kh7 22. Qe1 Bh6 23. Bf2 Nd7 24. Rxc8 Qxc8 25. Bb5 Ne5 26. Qe2 Qc7 27. Bd4 Rc8 1/2-1/2

[Event "Belgrade Trophy 18th"]
[Site "Obrenovac"]
[Date "2005.??.??"]
[Round "5"]
[White "Stavrianakis, Ioannis"]
[Black "Matulovic, Milan"]
[Result "0-1"]
[WhiteElo "2055"]
[BlackElo "2397"]
[PlyCount "112"]
[EventDate "2005.11.22"]
[EventType "swiss"]
[EventRounds "9"]
[EventCountry "YUG"]
[SourceTitle "CBM 109 Extra"]
[Source "ChessBase"]
[SourceDate "2006.01.03"]
[SourceVersion "2"]
[SourceVersionDate "2006.01.03"]
[SourceQuality "1"]

1. d4 g6 2. c4 Bg7 3. Nc3 c5 4. d5 d6 5. e4 Nf6 6. Bd3 0-0 7. Nf3 Bg4 8. 0-0 e6 9. h3 Bxf3 10. Qxf3 exd5 11. cxd5 Nbd7 12. Qe2 a6 13. a4 Ne8 14. Bf4 Ne5 15. Bh2 Nc7 16. f4 Nxd3 17. Qxd3 Bd4+ 18. Kh1 f5 19. Ne2 fxe4 20. Qxe4 Qe8 21. Ng3 Qxe4 22. Nxe4 Nxd5 23. Nxd6 b6 24. Nc4 b5 25. axb5 axb5 26. Rxa8 Rxa8 27. Nd6 b4 28. Nc4 Re8 29. Bg1 Bxg1 30. Kxg1 Re4 31. b3 Rxf4 32. Rxf4 Nxf4 33. Kf2 Kf7 34. Kf3 Ne6 35. Ne5+ Ke7 36. Ke4 Nd4 37. Kd5 Nxb3 38. Kc4 Nc1 39. Kxc5 b3 40. Nc4 Nd3+ 41. Kd4 b2 42. Nd2 Nf4 43. Kc3 Nxg2 44. Kxb2 Kf6 45. Nf3 Nf4 46. h4 Kf5 47. Ng5 h5 48. Kc3 Kg4 49. Kd4 Kxh4 50. Nf3+ Kg4 51. Ke4 h4 52. Nh2+ Kh3 53. Nf1 Nh5 54. Ne3 Kg3 55. Nf1+ Kf2 56. Nh2 h3 0-1

[Event "Belgrade Trophy 18th"]
[Site "Obrenovac"]
[Date "2005.??.??"]
[Round "7"]
[White "Tasic, Zoran T"]
[Black "Matulovic, Milan"]
[Result "0-1"]
[WhiteElo "2236"]
[BlackElo "2397"]
[PlyCount "90"]
[EventDate "2005.11.22"]
[EventType "swiss"]
[EventRounds "9"]
[EventCountry "YUG"]
[SourceTitle "CBM 109 Extra"]
[Source "ChessBase"]
[SourceDate "2006.01.03"]
[SourceVersion "2"]
[SourceVersionDate "2006.01.03"]
[SourceQuality "1"]

1. d4 g6 2. c4 Bg7 3. Nc3 c5 4. d5 d6 5. e4 Nf6 6. Bd3 0-0 7. h3 e6 8. Nf3 exd5 9. exd5 Re8+ 10. Be3 Nh5 11. 0-0 f5 12. Qd2 Nd7 13. Bg5 Qb6 14. Rfe1 Ne5 15. Be2 Nf7 16. Bf1 Bd7 17. Rxe8+ Rxe8 18. g3 a6 19. Qc2 Nxg5 20. Nxg5 Bd4 21. Kh2 Bf6 22. Nf3 Qa5 23. Rc1 b5 24. Nd2 b4 25. Nb3 Qd8 26. Ne2 a5 27. Nd2 a4 28. Nf3 Bg7 29. Nf4 Nxf4 30. gxf4 Qf6 31. b3 axb3 32. axb3 Bh6 33. Qd2 Re4 34. Kg3 Bxf4+ 35. Qxf4 Rxf4 36. Kxf4 h6 37. Rd1 Qb2 38. Rd2 Qxb3 39. h4 Qc3 40. Bd3 Kf7 41. Ke3 Kf6 42. Rc2 Qa3 43. Nd2 Ba4 44. Nb1 Bxc2 45. Nxa3 bxa3 0-1

[Event "SCG-chT Vojvodina"]
[Site "Sombor"]
[Date "2004.10.01"]
[Round "9.1"]
[White "Laketic, Gojko"]
[Black "Matulovic, Milan"]
[Result "1/2-1/2"]
[WhiteElo "2403"]
[BlackElo "2424"]
[PlyCount "26"]
[EventDate "2004.09.25"]
[EventType "team"]
[EventRounds "11"]
[EventCountry "YUG"]
[SourceTitle "CBM 102 Extra"]
[Source "ChessBase"]
[SourceDate "2004.11.03"]
[SourceVersion "1"]
[SourceVersionDate "2004.11.03"]
[SourceQuality "1"]
[WhiteTeam "04"]
[BlackTeam "09"]
[WhiteTeamCountry "YUG"]
[BlackTeamCountry "YUG"]

1. c4 c6 2. e4 d5 3. exd5 cxd5 4. d4 Nf6 5. Nc3 Nc6 6. Nf3 Bg4 7. cxd5 Nxd5 8. Bb5 Rc8 9. h3 Bxf3 10. Qxf3 e6 11. Nxd5 exd5 12. 0-0 Be7 13. Be3 0-0 1/2-1/2

[Event "SCG-chT Vojvodina"]
[Site "Sombor"]
[Date "2004.09.29"]
[Round "7.1"]
[White "Matulovic, Milan"]
[Black "Rogac, Srdjan"]
[Result "1/2-1/2"]
[WhiteElo "2424"]
[BlackElo "2308"]
[PlyCount "94"]
[EventDate "2004.09.25"]
[EventType "team"]
[EventRounds "11"]
[EventCountry "YUG"]
[SourceTitle "CBM 102 Extra"]
[Source "ChessBase"]
[SourceDate "2004.11.03"]
[SourceVersion "1"]
[SourceVersionDate "2004.11.03"]
[SourceQuality "1"]
[WhiteTeam "09"]
[BlackTeam "10"]
[WhiteTeamCountry "YUG"]
[BlackTeamCountry "YUG"]

1. e4 c6 2. d4 d5 3. Nd2 dxe4 4. Nxe4 Bf5 5. Ng3 Bg6 6. h4 h6 7. Nf3 Nd7 8. h5 Bh7 9. Bd3 Bxd3 10. Qxd3 e6 11. Bd2 Qc7 12. 0-0-0 Ngf6 13. Ne4 Nxe4 14. Qxe4 Nf6 15. Qe2 Bd6 16. g3 0-0-0 17. c4 c5 18. Bc3 cxd4 19. Nxd4 a6 20. Kb1 Kb8 21. g4 Bf4 22. Nb3 Rxd1+ 23. Rxd1 Rd8 24. Rxd8+ Qxd8 25. Nc5 Qc7 26. Nd3 Bd6 27. b3 Ne8 28. Kb2 Kc8 29. Qe4 Qc6 30. Qxc6+ bxc6 31. a4 g6 32. hxg6 fxg6 33. Kc2 h5 34. gxh5 gxh5 35. Kd2 Kd7 36. Bd4 Be7 37. Ke2 Bf8 38. Kf3 Bd6 39. Kg2 Be7 40. Kh3 Nf6 41. Bxf6 Bxf6 42. Nc5+ Kc8 43. Nxa6 Be7 44. c5 Kb7 45. Nb4 Bxc5 46. Nd3 Be7 47. f3 Kb6 1/2-1/2

[Event "SCG-chT Vojvodina"]
[Site "Sombor"]
[Date "2004.09.27"]
[Round "4.1"]
[White "Vlahovic, Bogdan"]
[Black "Matulovic, Milan"]
[Result "1/2-1/2"]
[WhiteElo "2389"]
[BlackElo "2424"]
[PlyCount "22"]
[EventDate "2004.09.25"]
[EventType "team"]
[EventRounds "11"]
[EventCountry "YUG"]
[SourceTitle "CBM 102 Extra"]
[Source "ChessBase"]
[SourceDate "2004.11.03"]
[SourceVersion "1"]
[SourceVersionDate "2004.11.03"]
[SourceQuality "1"]
[WhiteTeam "08"]
[BlackTeam "09"]
[WhiteTeamCountry "YUG"]
[BlackTeamCountry "YUG"]

1. Nf3 Nf6 2. g3 d5 3. Bg2 c6 4. b3 Bf5 5. Bb2 e6 6. 0-0 h6 7. d3 Be7 8. Nfd2 0-0 9. e4 Bh7 10. Nc3 a5 11. a3 Na6 1/2-1/2

[Event "Pancevo"]
[Site "Pancevo"]
[Date "2003.06.30"]
[Round "11"]
[White "Matulovic, Milan"]
[Black "Sedlak, Nikola"]
[Result "1/2-1/2"]
[WhiteElo "2432"]
[BlackElo "2524"]
[PlyCount "29"]
[EventDate "2003.06.20"]
[EventType "tourn"]
[EventRounds "11"]
[EventCountry "YUG"]
[EventCategory "10"]
[SourceTitle "CBM 094 Extra"]
[Source "ChessBase"]
[SourceDate "2003.07.09"]
[SourceVersion "2"]
[SourceVersionDate "2003.07.09"]
[SourceQuality "1"]

1. e4 c6 2. d4 d5 3. exd5 cxd5 4. c4 Nf6 5. Nc3 Nc6 6. Bg5 Qa5 7. Bxf6 exf6 8. cxd5 Bb4 9. dxc6 Bxc3+ 10. bxc3 Qxc3+ 11. Ke2 0-0 12. f3 Re8+ 13. Kf2 Qe3+ 14. Kg3 Qg5+ 15. Kf2 1/2-1/2

[Event "Pancevo"]
[Site "Pancevo"]
[Date "2003.06.25"]
[Round "6"]
[White "Todorovic, Goran M"]
[Black "Matulovic, Milan"]
[Result "1/2-1/2"]
[WhiteElo "2459"]
[BlackElo "2432"]
[PlyCount "70"]
[EventDate "2003.06.20"]
[EventType "tourn"]
[EventRounds "11"]
[EventCountry "YUG"]
[EventCategory "10"]
[SourceTitle "CBM 094 Extra"]
[Source "ChessBase"]
[SourceDate "2003.07.09"]
[SourceVersion "2"]
[SourceVersionDate "2003.07.09"]
[SourceQuality "1"]

1. e4 c5 2. Nf3 Nc6 3. d4 cxd4 4. Nxd4 Qc7 5. Nc3 e6 6. Ndb5 Qb8 7. Be3 a6 8. Bb6 axb5 9. Nxb5 Bb4+ 10. c3 Ba5 11. Nc7+ Qxc7 12. Bxc7 Bxc7 13. Qg4 g6 14. Bb5 Nge7 15. 0-0 0-0 16. Qe2 d5 17. a4 Rd8 18. Rfd1 d4 19. cxd4 Rxd4 20. Rxd4 Nxd4 21. Qc4 Ndc6 22. b4 Bd6 23. Bxc6 Nxc6 24. b5 Na5 25. Qd3 Bc5 26. e5 b6 27. Qd8+ Kg7 28. Rd1 Bb7 29. Qf6+ Kg8 30. Rd7 Rf8 31. h4 Be4 32. Kh2 h5 33. f3 Bf5 34. Rd8 Rxd8 35. Qxd8+ Kg7 1/2-1/2

[Event "Subotica TS03 GM"]
[Site "Subotica"]
[Date "2003.03.28"]
[Round "8"]
[White "Matulovic, Milan"]
[Black "Markus, Robert"]
[Result "1/2-1/2"]
[WhiteElo "2423"]
[BlackElo "2481"]
[PlyCount "41"]
[EventDate "2003.03.23"]
[EventType "tourn"]
[EventRounds "11"]
[EventCountry "YUG"]
[EventCategory "9"]
[SourceTitle "CBM 095"]
[Source "ChessBase"]
[SourceDate "2003.07.25"]
[SourceVersion "1"]
[SourceVersionDate "2003.07.25"]
[SourceQuality "1"]

1. e4 c5 2. Nf3 e6 3. d4 cxd4 4. Nxd4 Nc6 5. Nc3 Qc7 6. g3 a6 7. Bg2 d6 8. 0-0 Nxd4 9. Qxd4 Ne7 10. b3 Nc6 11. Qd2 Be7 12. Bb2 0-0 13. Ne2 Bd7 14. c4 Rac8 15. Rfd1 Rfd8 16. Rac1 Qb8 17. h3 Be8 18. Kh2 b5 19. cxb5 axb5 20. Nd4 Nxd4 21. Qxd4 1/2-1/2

[Event "Subotica TS03 GM"]
[Site "Subotica"]
[Date "2003.03.26"]
[Round "5"]
[White "Delchev, Aleksander"]
[Black "Matulovic, Milan"]
[Result "1-0"]
[WhiteElo "2583"]
[BlackElo "2423"]
[PlyCount "75"]
[EventDate "2003.03.23"]
[EventType "tourn"]
[EventRounds "11"]
[EventCountry "YUG"]
[EventCategory "9"]
[SourceTitle "CBM 095"]
[Source "ChessBase"]
[SourceDate "2003.07.25"]
[SourceVersion "1"]
[SourceVersionDate "2003.07.25"]
[SourceQuality "1"]

1. e4 c5 2. Nf3 Nc6 3. d4 cxd4 4. Nxd4 Qc7 5. Nc3 e6 6. g3 a6 7. Bg2 Nf6 8. 0-0 Be7 9. Re1 0-0 10. Nxc6 dxc6 11. e5 Rd8 12. Qf3 Nd5 13. h4 h6 14. Qg4 Kh8 15. Qh5 Bf8 16. Ne4 g6 17. Qf3 Nb4 18. Nd6 f5 19. Rd1 Kh7 20. c3 Nd5 21. c4 Nb4 22. Bf4 c5 23. Rd2 Nc6 24. Qe3 Nd4 25. b4 Rb8 26. bxc5 Nc6 27. Rad1 b6 28. cxb6 Rxb6 29. c5 Rb8 30. Qf3 Nb4 31. Nb5 Rxb5 32. Rxd8 Bxc5 33. Qa8 Rb8 34. R1d7+ Bxd7 35. Rxb8 Bxf2+ 36. Kh2 g5 37. Rh8+ Kg6 38. Qg8+ 1-0

[Event "Belgrade TS12 GM"]
[Site "Belgrade"]
[Date "2002.12.24"]
[Round "4"]
[White "Matulovic, Milan"]
[Black "Lundin, Jan"]
[Result "1/2-1/2"]
[WhiteElo "2423"]
[BlackElo "2212"]
[PlyCount "36"]
[EventDate "2002.12.21"]
[EventType "tourn"]
[EventRounds "11"]
[EventCountry "YUG"]
[EventCategory "7"]
[SourceTitle "CBM 091 Extra"]
[Source "ChessBase"]
[SourceDate "2003.01.09"]
[SourceVersion "1"]
[SourceVersionDate "2003.01.09"]
[SourceQuality "1"]

1. e4 e5 2. Nf3 Nc6 3. Bb5 Nf6 4. 0-0 Nxe4 5. d4 Nd6 6. Bxc6 dxc6 7. dxe5 Nf5 8. Qxd8+ Kxd8 9. Nc3 Be6 10. Ng5 Ke7 11. Rd1 h6 12. Nxe6 Kxe6 13. g4 Nh4 14. Bf4 h5 15. h3 hxg4 16. hxg4 g5 17. Bg3 Be7 18. Rd3 Rad8 1/2-1/2

[Event "Belgrade TS06 GM"]
[Site "Belgrade"]
[Date "2002.06.23"]
[Round "9"]
[White "Matulovic, Milan"]
[Black "Milanovic, Danilo"]
[Result "1/2-1/2"]
[WhiteElo "2428"]
[BlackElo "2427"]
[PlyCount "87"]
[EventDate "2002.06.15"]
[EventType "tourn"]
[EventRounds "11"]
[EventCountry "YUG"]
[EventCategory "8"]
[SourceTitle "EXT 2003"]
[Source "ChessBase"]
[SourceDate "2002.11.25"]
[SourceVersion "1"]
[SourceVersionDate "2002.11.25"]
[SourceQuality "1"]

1. e4 c5 2. Nf3 Nc6 3. d4 cxd4 4. Nxd4 Nf6 5. Nc3 e5 6. Ndb5 d6 7. Nd5 Nxd5 8. exd5 Nb8 9. c4 Be7 10. Bd3 0-0 11. 0-0 a6 12. Nc3 f5 13. f3 Nd7 14. Be3 Bg5 15. Bf2 Qf6 16. Na4 b6 17. Nxb6 Nxb6 18. Bxb6 Rb8 19. Ba5 Be3+ 20. Kh1 Rxb2 21. Bc3 Rf2 22. Rxf2 Bxf2 23. f4 Bc5 24. Rb1 Qe7 25. fxe5 dxe5 26. Be2 e4 27. Bd4 f4 28. Rb3 Bd7 29. Rb7 Bxd4 30. Qxd4 f3 31. gxf3 exf3 32. Bf1 Qe1 33. Rxd7 Qxf1+ 34. Qg1 Qxg1+ 35. Kxg1 Rc8 36. Rd6 Rc7 37. Rxa6 g5 38. h3 Kf7 39. Kf2 Rxc4 40. Ra7+ Kg6 41. d6 Rd4 42. d7 h5 43. Ra6+ Kf5 44. Ra5+ 1/2-1/2

[Event "Belgrade TS06 GM"]
[Site "Belgrade"]
[Date "2002.06.18"]
[Round "4"]
[White "Lundin, Jan"]
[Black "Matulovic, Milan"]
[Result "1/2-1/2"]
[WhiteElo "2143"]
[BlackElo "2428"]
[PlyCount "56"]
[EventDate "2002.06.15"]
[EventType "tourn"]
[EventRounds "11"]
[EventCountry "YUG"]
[EventCategory "8"]
[SourceTitle "EXT 2003"]
[Source "ChessBase"]
[SourceDate "2002.11.25"]
[SourceVersion "1"]
[SourceVersionDate "2002.11.25"]
[SourceQuality "1"]

1. d4 g6 2. e4 Bg7 3. Nc3 d6 4. Nf3 Nf6 5. h3 c6 6. a4 0-0 7. Be3 Qc7 8. a5 Rd8 9. Be2 d5 10. e5 Ne4 11. 0-0 Nxc3 12. bxc3 c5 13. Nd2 Nc6 14. Nb3 c4 15. Nd2 Nxa5 16. f4 Nc6 17. Qe1 f5 18. Nf3 Rf8 19. Bc1 b5 20. Ba3 a5 21. Bc5 Rb8 22. Rb1 Nd8 23. Qh4 Rb7 24. Ng5 h6 25. Nf3 Ne6 26. Ba3 Rf7 27. Qg3 Kh7 28. Qh4 Kg8 1/2-1/2

[Event "YUG Cup1"]
[Site "Yugoslavia"]
[Date "2002.05.16"]
[Round "4"]
[White "Fressinet, Laurent"]
[Black "Matulovic, Milan"]
[Result "0-1"]
[WhiteElo "2606"]
[BlackElo "2428"]
[PlyCount "108"]
[EventDate "2002.05.??"]
[EventType "swiss"]
[EventRounds "7"]
[EventCountry "YUG"]
[SourceTitle "EXT 2006"]
[Source "ChessBase"]
[SourceDate "2005.11.24"]
[SourceVersion "1"]
[SourceVersionDate "2005.11.24"]
[SourceQuality "1"]

1. e4 c5 2. Nf3 Nc6 3. Bb5 g6 4. 0-0 Bg7 5. c3 Nf6 6. e5 Nd5 7. d4 cxd4 8. cxd4 0-0 9. Nc3 Nc7 10. Re1 Nxb5 11. Nxb5 a6 12. Nc3 d6 13. exd6 Qxd6 14. d5 Ne5 15. Bf4 Nxf3+ 16. Qxf3 Qb4 17. Re2 h5 18. h3 Bf5 19. Rae1 Rac8 20. a3 Qb3 21. Bg5 e5 22. Be7 Rfe8 23. d6 Bd7 24. Qg3 Rc4 25. Qg5 Rd4 26. Kh2 Bc6 27. Ne4 Qe6 28. Nc5 Qf5 29. Qc1 e4 30. Kg1 a5 31. Qc2 Qd5 32. Rxe4 f5 33. d7 fxe4 34. dxe8Q+ Bxe8 35. Nxe4 Bc6 36. f3 Rc4 37. Qe2 Qd4+ 38. Nf2 Qd5 39. Bg5 Kh7 40. Be3 b5 41. Ne4 a4 42. Rd1 Qe5 43. Ng5+ Kg8 44. Rd8+ Bf8 45. Qd3 Qf6 46. Bd2 h4 47. Qe3 Rc2 48. Ne6 Qxd8 49. Qf4 Qe7 50. Bb4 Qxe6 51. Qxf8+ Kh7 52. Qf4 Rc4 53. Qc7+ Qd7 54. Qe5 Qd4+ 0-1

[Event "Novi Sad TS03 GM"]
[Site "Novi Sad"]
[Date "2002.03.23"]
[Round "10"]
[White "Mastrovasilis, Athanasios"]
[Black "Matulovic, Milan"]
[Result "1-0"]
[WhiteElo "2438"]
[BlackElo "2428"]
[PlyCount "73"]
[EventDate "2002.03.??"]
[EventType "tourn"]
[EventRounds "11"]
[EventCountry "YUG"]
[EventCategory "8"]
[SourceTitle "EXT 2006"]
[Source "ChessBase"]
[SourceDate "2005.11.24"]
[SourceVersion "1"]
[SourceVersionDate "2005.11.24"]
[SourceQuality "1"]

1. Nf3 Nf6 2. c4 c6 3. Nc3 d5 4. e3 a6 5. cxd5 cxd5 6. d4 g6 7. Bd3 Bg7 8. Ne5 0-0 9. f4 Nc6 10. 0-0 Bf5 11. Bxf5 gxf5 12. Qc2 e6 13. Nxc6 bxc6 14. Na4 Qa5 15. Bd2 Qb5 16. Rfc1 Ne4 17. Be1 Rfc8 18. b4 Rab8 19. Rab1 Qb7 20. Nc5 Nxc5 21. bxc5 Qa7 22. Ba5 Rxb1 23. Rxb1 Rb8 24. Rb6 Rxb6 25. cxb6 Qb7 26. Qf2 Bf6 27. Qg3+ Kh8 28. Qe1 Kg8 29. g4 fxg4 30. Qg3 Bd8 31. f5 Bxb6 32. Qxg4+ Kf8 33. Bb4+ c5 34. dxc5 Ba5 35. c6+ Qxb4 36. Qxb4+ Bxb4 37. c7 1-0

[Event "Novi Sad TS03 GM"]
[Site "Novi Sad"]
[Date "2002.03.22"]
[Round "9"]
[White "Matulovic, Milan"]
[Black "Sedlak, Nikola"]
[Result "1/2-1/2"]
[WhiteElo "2428"]
[BlackElo "2447"]
[PlyCount "87"]
[EventDate "2002.03.??"]
[EventType "tourn"]
[EventRounds "11"]
[EventCountry "YUG"]
[EventCategory "8"]
[SourceTitle "EXT 2006"]
[Source "ChessBase"]
[SourceDate "2005.11.24"]
[SourceVersion "1"]
[SourceVersionDate "2005.11.24"]
[SourceQuality "1"]

1. e4 c5 2. Nf3 d6 3. d4 cxd4 4. Nxd4 Nf6 5. Nc3 Nc6 6. g3 g6 7. Nde2 Bg7 8. Bg2 0-0 9. h3 Rb8 10. a4 a6 11. Bg5 b5 12. axb5 axb5 13. Nd5 Nd7 14. Qc1 Re8 15. 0-0 b4 16. Rd1 Bb7 17. Ra2 Qc8 18. Be3 e6 19. Ndf4 Qc7 20. Qd2 Bf8 21. Nd3 Nce5 22. Nxe5 Nxe5 23. b3 f5 24. f4 Nd7 25. exf5 Bxg2 26. Kxg2 Qc6+ 27. Kh2 exf5 28. Ng1 Nf6 29. Bd4 Ne4 30. Qd3 Nc3 31. Ra6 Qe4 32. Bxc3 bxc3 33. Qxe4 Rxe4 34. Rc6 Re3 35. Kg2 Rbe8 36. Kf2 h6 37. Rd3 Rxd3 38. cxd3 Bg7 39. Ne2 Rb8 40. Nxc3 Rxb3 41. Nd5 Bd4+ 42. Kg2 Rb2+ 43. Kh1 Rb1+ 44. Kg2 1/2-1/2

[Event "Novi Sad TS03 GM"]
[Site "Novi Sad"]
[Date "2002.03.16"]
[Round "2"]
[White "Matulovic, Milan"]
[Black "Collas, Didier"]
[Result "1/2-1/2"]
[WhiteElo "2428"]
[BlackElo "2409"]
[PlyCount "23"]
[EventDate "2002.03.??"]
[EventType "tourn"]
[EventRounds "11"]
[EventCountry "YUG"]
[EventCategory "8"]
[SourceTitle "EXT 2006"]
[Source "ChessBase"]
[SourceDate "2005.11.24"]
[SourceVersion "1"]
[SourceVersionDate "2005.11.24"]
[SourceQuality "1"]

1. e4 c5 2. Nf3 Nc6 3. d4 cxd4 4. Nxd4 e5 5. Nb5 d6 6. c4 Be7 7. N1c3 a6 8. Na3 f5 9. exf5 Bxf5 10. Bd3 Be6 11. 0-0 Nf6 12. Bg5 1/2-1/2

[Event "YUG-chT"]
[Site "Budva"]
[Date "2002.??.??"]
[Round "?"]
[White "Ilincic, Zlatko"]
[Black "Matulovic, Milan"]
[Result "1-0"]
[WhiteElo "2530"]
[BlackElo "2420"]
[PlyCount "95"]
[EventDate "2002.08.??"]
[EventType "team"]
[EventRounds "9"]
[EventCountry "YUG"]
[SourceTitle "EXT 2003"]
[Source "ChessBase"]
[SourceDate "2002.11.25"]
[SourceVersion "1"]
[SourceVersionDate "2002.11.25"]
[SourceQuality "1"]

1. d4 d5 2. c4 dxc4 3. e4 e5 4. Nf3 exd4 5. Bxc4 Bb4+ 6. Bd2 Bxd2+ 7. Nbxd2 Nc6 8. 0-0 Nge7 9. Nb3 d3 10. Rc1 0-0 11. Rc3 Ng6 12. Qxd3 Qxd3 13. Bxd3 Nce5 14. Nxe5 Nxe5 15. Be2 c6 16. f4 Ng6 17. g3 Rd8 18. Rd1 Rxd1+ 19. Bxd1 Kf8 20. Na5 Ne7 21. Rd3 Ke8 22. Nc4 f5 23. Nd6+ Kf8 24. Nxc8 Rxc8 25. exf5 Nd5 26. Bf3 Ke7 27. Bxd5 cxd5 28. Rc3 Rb8 29. Rc7+ Kf6 30. g4 h5 31. h3 h4 32. Kf2 d4 33. Rc5 Re8 34. g5+ Kf7 35. Rc7+ Kf8 36. g6 Re3 37. Rf7+ Ke8 38. f6 gxf6 39. Rxf6 Rg3 40. f5 Ke7 41. Rf7+ Kd6 42. g7 d3 43. Ke1 Ke5 44. f6 Ke4 45. Re7+ Kd4 46. f7 Rg1+ 47. Kf2 d2 48. Rd7+ 1-0

[Event "YUG-chT"]
[Site "Budva"]
[Date "2002.??.??"]
[Round "?"]
[White "Matulovic, Milan"]
[Black "Jeremic, Veljko"]
[Result "1-0"]
[WhiteElo "2420"]
[BlackElo "2490"]
[PlyCount "91"]
[EventDate "2002.08.??"]
[EventType "team"]
[EventRounds "9"]
[EventCountry "YUG"]
[SourceTitle "EXT 2003"]
[Source "ChessBase"]
[SourceDate "2002.11.25"]
[SourceVersion "1"]
[SourceVersionDate "2002.11.25"]
[SourceQuality "1"]

1. e4 e6 2. d4 d5 3. Nd2 c5 4. Ngf3 cxd4 5. exd5 Qxd5 6. Bc4 Qd6 7. 0-0 Nf6 8. Nb3 Nc6 9. Nbxd4 Nxd4 10. Nxd4 a6 11. Re1 Qc7 12. Bb3 Bd6 13. h3 Bf4 14. Bxf4 Qxf4 15. Nf3 0-0 16. Ne5 Qb4 17. c3 Qb6 18. Re3 Qc7 19. Qd4 Rd8 20. Qh4 Nd5 21. Rd1 f6 22. Bxd5 Rxd5 23. Rxd5 exd5 24. Ng6 Be6 25. Rxe6 hxg6 26. Qb4 Kf7 27. Qb6 Qd8 28. Kf1 Rc8 29. Qxd8 Rxd8 30. Rb6 Rd7 31. Ke2 g5 32. Kd3 g4 33. hxg4 Kg6 34. f4 Re7 35. g5 Kf5 36. gxf6 gxf6 37. g4+ Kxf4 38. Rxf6+ Kxg4 39. Kd4 Rd7 40. Kc5 Kg5 41. Rd6 Re7 42. Rxd5+ Kf6 43. Rd2 Re5+ 44. Kb6 Rb5+ 45. Kc7 Ke5 46. c4 1-0

[Event "YUG-chT"]
[Site "Budva"]
[Date "2002.??.??"]
[Round "?"]
[White "Matulovic, Milan"]
[Black "Velimirovic, Dragoljub"]
[Result "1/2-1/2"]
[WhiteElo "2420"]
[BlackElo "2485"]
[PlyCount "90"]
[EventDate "2002.08.??"]
[EventType "team"]
[EventRounds "9"]
[EventCountry "YUG"]
[SourceTitle "EXT 2003"]
[Source "ChessBase"]
[SourceDate "2002.11.25"]
[SourceVersion "1"]
[SourceVersionDate "2002.11.25"]
[SourceQuality "1"]

1. e4 c5 2. Nf3 Nc6 3. d4 cxd4 4. Nxd4 g6 5. c4 Nf6 6. Nc3 d6 7. Be2 Bd7 8. Be3 Rc8 9. f3 a6 10. Qd2 Qa5 11. Rc1 Bg7 12. 0-0 0-0 13. Rfd1 Rfe8 14. Nb3 Qb4 15. Nd5 Qxd2 16. Rxd2 Be6 17. Nb6 Rcd8 18. Nd5 Bc8 19. Kf2 Ne5 20. Bb6 Rd7 21. h3 e6 22. Nxf6+ Bxf6 23. Rcd1 Nc6 24. a3 h5 25. f4 Bd8 26. Bxd8 Rexd8 27. c5 dxc5 28. Rxd7 Rxd7 29. Rxd7 Bxd7 30. Nxc5 Bc8 31. e5 Nd4 32. Bd3 h4 33. Ke3 Nf5+ 34. Bxf5 exf5 35. Nd3 Bd7 36. Ne1 Bc6 37. Nf3 Bxf3 38. gxf3 Kf8 39. Kd4 Ke7 40. Kd5 Kd7 41. a4 a5 42. Kc5 Ke6 43. Kd4 Kd7 44. Kc5 Ke6 45. Kd4 Kd7 1/2-1/2

[Event "YUG Cup"]
[Site "Herceg Novi"]
[Date "2001.09.08"]
[Round "6"]
[White "Damljanovic, Branko"]
[Black "Matulovic, Milan"]
[Result "1-0"]
[WhiteElo "2549"]
[BlackElo "2423"]
[PlyCount "85"]
[EventDate "2001.09.03"]
[EventType "team"]
[EventRounds "7"]
[EventCountry "YUG"]
[SourceTitle "CBM 084 Extra"]
[Source "ChessBase"]
[SourceDate "2001.10.26"]
[SourceVersion "1"]
[SourceVersionDate "2001.10.26"]
[SourceQuality "1"]

1. c4 c6 2. e4 d5 3. exd5 cxd5 4. cxd5 Nf6 5. Nc3 Nxd5 6. Nf3 Nc6 7. Bb5 e6 8. 0-0 Be7 9. d4 0-0 10. Re1 Nxc3 11. bxc3 Qc7 12. Qe2 Bd7 13. d5 Nd8 14. Bd3 Re8 15. c4 exd5 16. cxd5 Bf8 17. Be3 b6 18. Rad1 h6 19. Bb1 Nb7 20. Qd3 g6 21. Qd2 h5 22. Bf4 Nd6 23. Ne5 Ba4 24. Rc1 Qd8 25. Nc6 Qd7 26. Be5 Rac8 27. Ba1 Rxe1+ 28. Rxe1 Re8 29. Rc1 Nf5 30. Bxf5 Qxf5 31. Qd4 f6 32. Qxa4 Re2 33. Rf1 Qxd5 34. Qb3 Qxb3 35. axb3 a5 36. Bd4 Re6 37. Na7 Rd6 38. Be3 Kf7 39. g3 Ke6 40. Nb5 Rd3 41. Bxb6 Kd5 42. Nc7+ Kc6 43. Bxa5 1-0